Statistics for Formula 3 Drivers 2021

Click here to take the quiz!

General Stats

  • This quiz has been taken 4 times
  • The average score is 19 of 30

Answer Stats

TeamCarAnswer% Correct
Trident5Clement Novalak
100%
Prema Racing1Dennis Hauger
100%
Prema Racing3Olli Caldwell
100%
MP Motorsport17Victor Martins
100%
Prema Racing2Arthur Leclerc
75%
Hitech Grand Prix11Ayumu Iwasa
75%
MP Motorsport18Caio Collet
75%
Trident6David Schumacher
75%
Charouz Racing System30Enzo Fittipaldi
75%
Trident4Jack Doohan
75%
Hitech Grand Prix10Jak Crawford
75%
ART Grand Prix9Juan Manuel Correa
75%
Charouz Racing System29Logan Sargeant
75%
Hitech Grand Prix12Roman Stanek
75%
ART Grand Prix8Alexander Smolyar
50%
Campos Racing22Amaury Cordeel
50%
Jenzer Motorsport26Calan Williams
50%
Jenzer Motorsport28Filip Ugran
50%
ART Grand Prix7Frederik Vesti
50%
Carlin Buzz Racing23Ido Cohen
50%
Campos Racing20Laszlo Toth
50%
Campos Racing21Lorenzo Colombo
50%
HWA Racelab14Matteo Nannini
50%
HWA Racelab15Oliver Rasmussen
50%
Charouz Racing System31Reshad De Gerus
50%
MP Motorsport19Tijmen Van Der Helm
50%
Carlin Buzz Racing25Jonny Edgar
25%
Carlin Buzz Racing24Kaylen Frederick
25%
Jenzer Motorsport27Pierre-Louis Chovet
25%
HWA Racelab16Rafael Villagomez
25%

Score Distribution

Percentile by Number Answered

Percent of People with Each Score

Your Score History

You have not taken this quiz